000 01093nam0a22003011 4500
001 RU\INFOCOMM_317\NLR\5000039649
005 20250614081255.0
035 _a(NLR Aleph) 010640407
090 _a10667993
_c10667993
100 _a20130401d1972 |||y0rusy50 ca
101 1 _aeng
102 _aRU
105 _aa z||||
200 1 _aUnits of physical quantities and their dimensions
_fL. A. Sena
_gTransl. from the Russ. by G. Leib
210 _aM.
_c"Mir"
_d1972
215 _a297 с.
_cил.
_d21 см
300 _aДоп. тит. л. на рус. яз.: Л. А. Сена. Единицы физических величин и их размерности
320 _aБиблиогр.: с. 286-287
513 1 _aЕдиницы физических величин и их размерности
_zrus
620 _aМосква
686 _aФз-0(к11Ед)
_2rubbk
686 _aˆ[‰В3с25]
_2rubbk
700 1 _aSena
_bL. A.
_f1907-
_gLev Aronovič
801 1 _aRU
_bInfocomm
_c20130401
801 0 _aRU
_bINFOCOMM
_gPSBO
852 _aNLR
_jФз01 Д-3/62
942 _cBOOK
980 _aNB